000 00740nam a2200253Ia 4500
003 OSt
005 20221005035553.0
006 a|||||r|||| 00| 0
007 ta
008 221004b |||||||| |||| 00| 0 urd d
020 _a8187666145 (hbk)
_c200
024 _a23804
037 _b4621, 31/12/2015, Kitabi Duniya
_cTextual
040 _aCRL
_cCRL
_burd
041 _2urd
_aurd
082 _aO168,1M31x, P8
100 _aDehlvi Hazrat Dagh
245 0 _aMehtab-e-Dagh
_b Urdu Poetry
260 _aDelhi
_bKitabi Duniya India
_c2008
300 _a405p.
_ccm.
650 _aURDU POETRY
942 _hO168,1M31x, P8
_cTEXL
_2cc
999 _c945378
_d945378